Effect of seed rates and herbicedes on direct seeding of senpidao rice variety at royal university of agriculture, ឥទ្ធិពលនៃកម្រិតគ្រាប់ពូជ និងថ្នាំកំចាត់ស្មៅលើពូជស្រូវសែនពិដោរព្រោះដោយម៉ាស៊ីនសាបគ្រាប់នៅសាកលវិទ្យាល័យភូមិន្ទកសិកម្ម (Record no. 8070)

000 -LEADER
fixed length control field 00748nam a22001337a 4500
040 ## - CATALOGING SOURCE
Transcribing agency RUA
082 ## - DEWEY DECIMAL CLASSIFICATION NUMBER
Classification number AGR YE 2015 B474 Or.1
100 ## - MAIN ENTRY--AUTHOR NAME
Personal name YE REY; យុើ រ៉ី
245 ## - TITLE STATEMENT
Title Effect of seed rates and herbicedes on direct seeding of senpidao rice variety at royal university of agriculture, ឥទ្ធិពលនៃកម្រិតគ្រាប់ពូជ និងថ្នាំកំចាត់ស្មៅលើពូជស្រូវសែនពិដោរព្រោះដោយម៉ាស៊ីនសាបគ្រាប់នៅសាកលវិទ្យាល័យភូមិន្ទកសិកម្ម
260 ## - PUBLICATION, DISTRIBUTION, ETC. (IMPRINT)
Place of publication Phnom Penh
Name of publisher RUA
Year of publication 2015
300 ## - PHYSICAL DESCRIPTION
Number of Pages xviii,59p.
Other physical details ill.
Dimensions 29cm.
856 ## - ELECTRONIC LOCATION AND ACCESS
Uniform Resource Identifier YE REY
942 ## - ADDED ENTRY ELEMENTS (KOHA)
Koha item type AGR
952 ## - LOCATION AND ITEM INFORMATION (KOHA)
Withdrawn status [LOCAL, KOHA] 0
952 ## - LOCATION AND ITEM INFORMATION (KOHA)
Withdrawn status [LOCAL, KOHA] 0
952 ## - LOCATION AND ITEM INFORMATION (KOHA)
Withdrawn status [LOCAL, KOHA] 0
952 ## - LOCATION AND ITEM INFORMATION (KOHA)
Withdrawn status [LOCAL, KOHA] 0
952 ## - LOCATION AND ITEM INFORMATION (KOHA)
Withdrawn status [LOCAL, KOHA] 0
952 ## - LOCATION AND ITEM INFORMATION (KOHA)
Withdrawn status [LOCAL, KOHA] 0
952 ## - LOCATION AND ITEM INFORMATION (KOHA)
Withdrawn status [LOCAL, KOHA] 0
952 ## - LOCATION AND ITEM INFORMATION (KOHA)
Withdrawn status [LOCAL, KOHA] 0
952 ## - LOCATION AND ITEM INFORMATION (KOHA)
Withdrawn status [LOCAL, KOHA] 0
952 ## - LOCATION AND ITEM INFORMATION (KOHA)
Withdrawn status [LOCAL, KOHA] 0
Holdings
Permanent Location Date acquired Koha item type Lost status Shelving location Barcode Current Location Full call number
Library Block B2016-06-15AGR B474RUA059061Library Block BAGR YE 2015 B474 Or.1
Library Block B2016-06-15AGR B474RUA058734Library Block BAGR YE 2015 B474 Or.2
Library Block B2016-06-15AGR B474RUA059054Library Block BAGR YE 2015 B474 Or.3
Library Block B2016-06-15AGR B474RUA059495Library Block BAGR YE 2015 B474 Or.4
Library Block B2016-06-15AGR B474RUA058196Library Block BAGR YE 2015 B474 Or.5
Library Block B2016-06-15AGR B474RUA058678Library Block BAGR YE 2015 B474 Or.6
Library Block B2016-06-15AGR B474RUA058942Library Block BAGR YE 2015 B474 Or.7
Library Block B2016-06-15AGR B474RUA058670Library Block BAGR YE 2015 B474 Or.8
Library Block B2021-12-15AGR B642a066087Library Block BAGR YE 2015 B642 Or.1
Library Block B2021-12-15AGR B642a066290Library Block BAGR YE 2015 B642 Or.1
មជ្ឈមណ្ឌលឯការនៃសាកលវិទ្យាល័យភូមិន្ទកសិកម្មចំការដូង

Powered by Koha